Statistics for Největší česká města A-Ž

Click here to take the quiz!

General Stats

  • This quiz has been taken 1 656 times
  • The average score is 15 of 27

Answer Stats

městoobyv.*% Correct
PPraha1 280 508
99%
BBrno377 973
98%
OOstrava291 634
95%
LLiberec103 853
88%
ČČeské Budějovice93 470
86%
ÚÚstí nad Labem92 984
86%
A13 227
81%
HHradec Králové92 929
81%
JJihlava50 559
80%
ZZlín75 117
80%
CHChomutov48 739
67%
DDěčín49 521
63%
MMost66 768
63%
FFrýdek-Místek56 719
62%
KKladno68 660
61%
TTeplice49 697
44%
ŠŠumperk26 305
43%
IIvančice9 678
32%
VVsetín26 190
30%
ŘŘíčany15 236
29%
ŽŽďár nad Sázavou21 160
28%
NNový Jičín23 550
24%
SSokolov23 546
24%
UUherské Hradiště25 246
24%
GGolčův Jeníkov2 639
20%
CCvikov4 427
13%
RRožnov pod Radhoštěm16 477
13%

Score Distribution

Percentile by Number Answered

Percent of People with Each Score

Your Score History

You have not taken this quiz